NBA Finals Top Scorers of All Time - Statistics

General Stats
  • This quiz has been taken 81 times
  • The average score is 15 of 25
Answer Stats
Points Answer % Correct
1,383 Lebron James
100%
1,176 Michael Jordan
100%
1,317 Kareem Abdul-Jabbar
95%
937 Kobe Bryant
92%
865 Shaquille O'Neal
91%
652 Wilt Chamberlain
90%
971 Magic Johnson
85%
1,151 Bill Russell
82%
1,677 Jerry West
81%
716 Larry Bird
81%
713 Bob Cousy
64%
676 Dennis Johnson
64%
1,161 Elgin Baylor
62%
754 James Worthy
62%
1,020 John Havlicek
62%
1,143 Sam Jones
55%
561 Julius Erving
51%
709 Bob Pettit
49%
741 George Mikan
44%
1,035 Tom Heinsohn
32%
574 Bill Sharman
23%
453 Tom Sanders
10%
634 Frank Ramsey
6%
578 Cliff Hagan
4%
449 Bob Dandridge
3%
No matching quizzes found
Score Distribution
Percent of People with Each Score
Percentile by Number Answered
Your Score History
You have not taken this quiz